|
|
|
|
| LEADER |
01029nam a2200241 i 4500 |
| 001 |
acta70237 |
| 005 |
20230309152915.0 |
| 008 |
200828s2006 hu o 0|| hun d |
| 020 |
|
|
|a 963 482 749 7
|
| 022 |
|
|
|a 1419-1288
|
| 040 |
|
|
|a SZTE Egyetemi Kiadványok Repozitórium
|b hun
|
| 041 |
|
|
|a hun
|
| 100 |
1 |
|
|a Hetény János
|
| 245 |
1 |
0 |
|a "Gyönyörű nagy vonzalom..."
|h [elektronikus dokumentum] :
|b a Karancs-hegyi kistáj Mária-kultuszt ihlető szerepe /
|c Hetény János
|
| 260 |
|
|
|a Néprajzi és Kulturális Antropológia Tanszék
|b Szeged
|c 2006
|
| 300 |
|
|
|a 184 p.
|c 24 cm
|
| 490 |
0 |
|
|a Szegedi vallási néprajzi könyvtár
|
| 650 |
|
4 |
|a Társadalomtudományok
|
| 650 |
|
4 |
|a Szociológia
|
| 650 |
|
4 |
|a Bölcsészettudományok
|
| 650 |
|
4 |
|a Filozófia, etika és vallástudományok
|
| 695 |
|
|
|a Folklór - magyar - tanulmányok, Népi vallásosság - magyar - tanulmányok, Mária-tisztelet - Magyarország - regionális, Karancs
|
| 856 |
4 |
0 |
|u http://acta.bibl.u-szeged.hu/70237/1/szegedi_vallasi_015.pdf
|z Dokumentum-elérés
|